|
|
|
|
| LEADER |
00896nam a2200277 4500 |
| 001 |
DLU130145839 |
| 005 |
##20130307 |
| 040 |
# |
# |
|a DLU
|b vie
|
| 041 |
# |
# |
|a vie
|
| 044 |
# |
# |
|a vn
|
| 100 |
# |
# |
|a Trần Thị Kim Ngân.
|
| 245 |
# |
# |
|a Tổng hợp một số benzensulfonat arill dưới sự chiếu xạ vi sóng /
|c Trần Thị Kim Ngân, Lê Ngọc Thạch.
|
| 653 |
# |
# |
|a Aryl arenesulfonates
|
| 653 |
# |
# |
|a Benzenesulfonyl chloride
|
| 653 |
# |
# |
|a P-substitued phenol
|
| 700 |
# |
# |
|a Lê Ngọc Thạch,
|c GS.TS
|
| 773 |
# |
# |
|t Tạp chí Khoa học (ĐHSP Tp Hồ Chí Minh)
|g Số 4(27), 2011, tr. 100-108
|
| 920 |
# |
# |
|a Phòng Tạp chí -- Trung tâm Thông tin - Thư viện Trường Đại học Đà Lạt
|
| 994 |
# |
# |
|a DLU
|
| 900 |
# |
# |
|a True
|
| 911 |
# |
# |
|a Nguyễn Thị Linh Chi
|
| 925 |
# |
# |
|a G
|
| 926 |
# |
# |
|a A
|
| 927 |
# |
# |
|a BB
|
| 980 |
# |
# |
|a Thư viện Trường Đại học Đà Lạt
|